| 000 | 00498nam a2200133Ia 4500 | ||
|---|---|---|---|
| 008 | 160809s9999 xx 000 0 und d | ||
| 100 | _aRojas, Raul Fernandez. | ||
| 245 | _aCross Correlation Analysis of Multi-Channel Near Infrared Spectroscopy | ||
| 245 | _cRaul Fernandez Rojas, Xu Huang, Keng Liang Ou and Jehu Lopez-Aparicio. | ||
| 260 | _bComputer Science and Information Technology | ||
| 260 | _cFebruary 2016 | ||
| 650 | _xINFORMATION TECHNOLOGY | ||
| 856 | _uhttp://airccse.org/V6N50.html | ||
| 999 |
_c300071 _d300071 |
||